| 000 | 01546 a2200241 4500 | ||
|---|---|---|---|
| 003 | Nust | ||
| 005 | 20230918094414.0 | ||
| 010 | _a 2006026364 | ||
| 020 | _c007313290X (acid-free paper) | ||
| 035 | _a(OCoLC)ocm71006688 | ||
| 040 | _cNust | ||
| 082 | 0 | 0 | _a620.00151,CHA |
| 100 | 1 | _aChapra, Steven C. | |
| 245 | 1 | 0 |
_aApplied numerical methods with MATLAB for engineers and scientists / _cSteven C. Chapra. |
| 260 |
_aBoston : _bMcGraw-Hill Higher Education, _cc2005. |
||
| 300 |
_axx, 588 p. : _bill. ; _c25 cm. |
||
| 505 | _aMathematical Modeling, Numerical Methods and Problem Solving (Page-1), MATLAB Fundamentals (Page-15), Programming with MATLAB (Page-31), Round off and Truncation Errors (Page-56), Roots of Equations (Page-81), Linear Algebraic Equations and Matrices (Page-123), Gauss Elimination (Page-140), LU Decomposition (Page-160), Matrix Inverse and Condition (Page-172), Iterative Fitting (Page-196), General Linear Least-Squares and Nonlinear Regression (Page-221), Curve Fitting (Page-235), Numerical Integration Formulas (Page-279), Numerical Integration of Functions (Page-305), Odes (Page-321), Eigenvalues (Page-365). | ||
| 650 | 0 |
_aNumerical analysis _xData processing _972 |
|
| 856 | 4 | 2 |
_3Contributor biographical information _uhttp://www.loc.gov/catdir/enhancements/fy0737/2006026364-b.html |
| 856 | 4 | 2 |
_3Publisher description _uhttp://www.loc.gov/catdir/enhancements/fy0668/2006026364-d.html |
| 856 | 4 | 2 |
_3Table of contents only _uhttp://www.loc.gov/catdir/enhancements/fy0668/2006026364-t.html |
| 942 |
_2ddc _cBK |
||
| 999 |
_c182814 _d182814 |
||